Museo de Arte Contemporáneo de Bogotá/ (Record no. 4194)
[ view plain ]
| 000 -LEADER | |
|---|---|
| campo de control de longitud fija | 00758nam a22002177a 4500 |
| 003 - IDENTIFICADOR DE NÚMERO DE CONTROL | |
| campo de control | OSt |
| 005 - FECHA Y HORA DE LA ÚLTIMA TRANSACCIÓN | |
| campo de control | 20230823135046.0 |
| 008 - DATOS DE LONGITUD FIJA--INFORMACIÓN GENERAL | |
| campo de control de longitud fija | 221006b |||||||| |||| 00| 0 eng d |
| 040 ## - FUENTE DE CATALOGACIÓN | |
| Centro/agencia transcriptor | Biblioteca Lado V |
| 082 ## - NÚMERO DE LA CLASIFICACIÓN DECIMAL DEWEY | |
| Número de clasificación | 708 |
| Número de ítem | O77m |
| 100 ## - ENTRADA PRINCIPAL--NOMBRE DE PERSONA | |
| 9 (RLIN) | 960 |
| Nombre de persona | Ortiz Serrano, Gustavo |
| Término indicativo de función/relación | director |
| 245 ## - MENCIÓN DEL TÍTULO | |
| Título | Museo de Arte Contemporáneo de Bogotá/ |
| Resto del título | Diálogos en Femenino/ |
| 260 ## - PUBLICACIÓN, DISTRIBUCIÓN, ETC. | |
| Fecha de publicación, distribución, etc. | 2013 |
| Nombre del editor, distribuidor, etc. | UNIMINUTO |
| Lugar de publicación, distribución, etc. | Bogota |
| -- | Colombia |
| 300 ## - DESCRIPCIÓN FÍSICA | |
| Dimensiones | 21.5x28cm |
| Extensión | 24p. |
| 490 ## - MENCIÓN DE SERIE | |
| Número Internacional Normalizado para Publicaciones Seriadas | 1909-3543 |
| 650 ## - PUNTO DE ACCESO ADICIONAL DE MATERIA--TÉRMINO DE MATERIA | |
| Fuente del encabezamiento o término | Tesauro de Arte & Arquitectura |
| Término de materia o nombre geográfico como elemento de entrada | ARTE |
| 650 ## - PUNTO DE ACCESO ADICIONAL DE MATERIA--TÉRMINO DE MATERIA | |
| Fuente del encabezamiento o término | Tesauro de Arte & Arquitectura |
| Término de materia o nombre geográfico como elemento de entrada | EXHIBICION |
| 9 (RLIN) | 702 |
| 650 ## - PUNTO DE ACCESO ADICIONAL DE MATERIA--TÉRMINO DE MATERIA | |
| Fuente del encabezamiento o término | Tesauro de Arte & Arquitectura |
| Término de materia o nombre geográfico como elemento de entrada | TATUAJE |
| 9 (RLIN) | 703 |
| 650 ## - PUNTO DE ACCESO ADICIONAL DE MATERIA--TÉRMINO DE MATERIA | |
| Fuente del encabezamiento o término | Tesauro de Arte & Arquitectura |
| Término de materia o nombre geográfico como elemento de entrada | ARTE CORPORAL |
| 942 ## - ELEMENTOS DE ENTRADA SECUNDARIOS (KOHA) | |
| Fuente del sistema de clasificación o colocación | Clasificación Decimal Dewey |
| Tipo de ítem Koha | Libros |
| Parte de la signatura que corresponde a la clasificación (Parte de la clasificación) | 708 |
| Parte de la signatura que identifica el ejemplar (Parte del ítem) | O77m |
| Suprimir en OPAC | No |
| Estatus retirado | Estado de pérdida | Fuente del sistema de clasificación o colocación | Especificación de materiales (volumen encuadernado u otra parte) | Estado de daño | No para préstamo | Colección | Biblioteca de origen | Biblioteca actual | Fecha de adquisición | Número de inventario | Total de préstamos | Signatura topográfica completa | Código de barras | Visto por última vez | Precio de reemplazo | Tipo de ítem Koha |
|---|---|---|---|---|---|---|---|---|---|---|---|---|---|---|---|---|
| Clasificación Decimal Dewey | 2013 | Revistas | Biblioteca LadoV | Biblioteca LadoV | 23/08/2023 | 003999 | 708 O77m | 003999 | 23/08/2023 | 23/08/2023 | Libros |
